000 00603nam a2200217Ia 4500
005 20250326144433.0
008 250326s9999 xx 000 0 und d
020 _a978-81-317-0927-6
037 _aTextbook
040 _aFMSL
_beng
_cFMSL
041 _aeng
_2eng
084 _aSNIobX:8 P5
_qFMSL
100 _aMullins L J
_9742394
245 0 _aManagement and organisational behaviour
_cMullins L J
250 _a7
260 _aNew Delhi
_bNew Delhi, Pearson Education
_c2005
300 _axxiv,1095.
365 _b525
942 _cTB
_hSNIobX:8 P5
999 _c1303687
_d1303687